[Event "Mittelfranken-chTB2a 0809"]
[Site "Mittelfranken"]
[Date "2009.03.22"]
[Round "8.6"]
[White "Ziegler, Ronald"]
[Black "Metzenroth, Dieter"]
[Result "0-1"]
[WhiteElo "1770"]
[BlackElo "1798"]
[PlyCount "50"]
[EventDate "2008.10.12"]
[EventType "team"]
[EventRounds "9"]
[EventCountry "GER"]
[SourceTitle "EXT 2011"]
[Source "ChessBase"]
[SourceDate "2010.11.26"]
[SourceVersion "1"]
[SourceVersionDate "2010.11.26"]
[SourceQuality "1"]
[WhiteTeam "Erlangen Siemens"]
[BlackTeam "Cadolzburg"]
[WhiteTeamCountry "GER"]
[BlackTeamCountry "GER"]

1. e4 g6 2. d4 Bg7 3. Nc3 d6 4. Be3 a6 5. Qd2 Nd7 6. Be2 b5 7. a3 Bb7 8. f3 c5 9. d5 Ngf6 10. Bh6 0-0 11. g4 Qa5 12. h4 Bxh6 13. Qxh6 b4 14. Nb1 Kh8 15. Kf2 e6 16. h5 exd5 17. hxg6 fxg6 18. Qxg6 Ne5 19. Qf5 Nxe4+ 20. fxe4 Rxf5+ 21. exf5 Rg8 22. Kg3 Bc8 23. Kf4 bxa3 24. Rxa3 Qe1 25. Rah3 Qf2+ 0-1

[Event "Mittelfrankenliga-B2a 0708"]
[Site "Mittelfranken"]
[Date "2008.03.02"]
[Round "7.4"]
[White "Fischer, Juergen"]
[Black "Ziegler, Ronald"]
[Result "1-0"]
[WhiteElo "1924"]
[BlackElo "1810"]
[PlyCount "91"]
[EventDate "2007.10.14"]
[EventType "team-tourn"]
[EventRounds "9"]
[EventCountry "GER"]
[SourceTitle "EXT 2011"]
[Source "ChessBase"]
[SourceDate "2010.11.26"]
[SourceVersion "1"]
[SourceVersionDate "2010.11.26"]
[SourceQuality "1"]
[WhiteTeam "Lauf"]
[BlackTeam "Erlangen Siemens"]
[WhiteTeamCountry "GER"]
[BlackTeamCountry "GER"]

1. e4 d5 2. exd5 Nf6 3. d4 Nxd5 4. c4 Nb6 5. Be3 Bf5 6. Nc3 e6 7. a3 Be7 8. Nf3 0-0 9. Be2 N8d7 10. 0-0 c5 11. d5 exd5 12. Nxd5 Nxd5 13. Qxd5 Bg6 14. Rfd1 Nf6 15. Qxb7 Be4 16. Rxd8 Bxb7 17. Rxf8+ Kxf8 18. Rd1 Ke8 19. Ne5 Rb8 20. f3 Bc8 21. Rd2 Rb3 22. Kf2 Nd7 23. Nxd7 Bxd7 24. Bd1 Rb7 25. b3 Be6 26. f4 a5 27. g4 g6 28. Kf3 a4 29. b4 cxb4 30. Bxa4+ Bd7 31. Rxd7 Rxd7 32. Bxd7+ Kxd7 33. axb4 Bxb4 34. Ke4 Kd6 35. f5 Ke7 36. Kd5 h5 37. fxg6 fxg6 38. gxh5 gxh5 39. Bc5+ Bxc5 40. Kxc5 Kf6 41. Kd6 Kg5 42. c5 Kh4 43. c6 Kh3 44. c7 Kxh2 45. c8Q h4 46. Qg4 1-0

[Event "Mittelfrankenliga-B2a 0708"]
[Site "Mittelfranken"]
[Date "2007.10.14"]
[Round "1.6"]
[White "Beskardesler, Faruk"]
[Black "Ziegler, Ronald"]
[Result "0-1"]
[WhiteElo "1640"]
[BlackElo "1810"]
[PlyCount "100"]
[EventDate "2007.10.14"]
[EventType "team-tourn"]
[EventRounds "9"]
[EventCountry "GER"]
[SourceTitle "EXT 2011"]
[Source "ChessBase"]
[SourceDate "2010.11.26"]
[SourceVersion "1"]
[SourceVersionDate "2010.11.26"]
[SourceQuality "1"]
[WhiteTeam "Erlangen BSGW"]
[BlackTeam "Erlangen Siemens"]
[WhiteTeamCountry "GER"]
[BlackTeamCountry "GER"]

1. e4 d5 2. exd5 Nf6 3. d4 Nxd5 4. a3 Bf5 5. c4 Nb6 6. Nf3 e6 7. Be2 Be7 8. b3 Bf6 9. c5 Nd5 10. Bb2 Nf4 11. 0-0 0-0 12. Bb5 a6 13. Ba4 Nd3 14. Bc3 Qd5 15. b4 Be4 16. Nbd2 Bg6 17. Bb3 Qh5 18. Bc4 Nf4 19. Be2 Qg4 20. g3 Nxe2+ 21. Qxe2 Nc6 22. Qe3 Rad8 23. Ne5 Bxe5 24. dxe5 Rd3 25. Qe1 Rxc3 26. f3 Qd4+ 27. Kg2 Rc2 28. Rf2 Rd8 29. Ne4 Rxf2+ 30. Nxf2 Qd2 31. Qg1 Bc2 32. Re1 Bb3 33. Qf1 Qc2 34. Kg1 Bc4 35. Rc1 Bxf1 36. Rxc2 Bb5 37. f4 Kf8 38. Ra2 Ke7 39. a4 Bc4 40. Rb2 Nd4 41. Ne4 Bd5 42. Nc3 Bc6 43. b5 axb5 44. axb5 Bd5 45. Kf2 Ra8 46. Rd2 Nb3 47. Nxd5+ exd5 48. Rxd5 Rd8 49. Rxd8 Kxd8 50. b6 c6 0-1

[Event "Mittelfrankenliga-B2a 0607"]
[Site "Mittelfranken"]
[Date "2007.01.14"]
[Round "4.7"]
[White "Ziegler, Ronald"]
[Black "Bergmann, Rainer"]
[Result "1-0"]
[WhiteElo "1816"]
[BlackElo "1710"]
[PlyCount "97"]
[EventDate "2006.10.22"]
[EventType "team-tourn"]
[EventRounds "9"]
[EventCountry "GER"]
[SourceTitle "EXT 2011"]
[Source "ChessBase"]
[SourceDate "2010.11.26"]
[SourceVersion "1"]
[SourceVersionDate "2010.11.26"]
[SourceQuality "1"]
[WhiteTeam "Erlangen Siemens"]
[BlackTeam "Erlangen SC II"]
[WhiteTeamCountry "GER"]
[BlackTeamCountry "GER"]

1. e4 e6 2. d4 d5 3. Nd2 Nf6 4. e5 Nfd7 5. Bd3 c5 6. c3 Nc6 7. Ne2 cxd4 8. cxd4 f6 9. exf6 Nxf6 10. Nf3 Bd6 11. 0-0 0-0 12. Bf4 Bxf4 13. Nxf4 Ne4 14. Ne2 Nd6 15. Qc2 h6 16. a3 Qf6 17. b4 Nf5 18. Rad1 Kh8 19. Bb5 Nfe7 20. Qc3 Bd7 21. Ne5 Be8 22. Nxc6 Bxc6 23. Bxc6 Nxc6 24. Qe3 Ne7 25. Qe5 Qxe5 26. dxe5 Kg8 27. Nd4 Kf7 28. Rd3 Ng6 29. f4 Rfe8 30. Rc3 Rac8 31. Rxc8 Rxc8 32. g3 Ke7 33. Rf3 Nf8 34. Kf2 Nd7 35. Ke2 Nb6 36. f5 Nd7 37. Nxe6 Nxe5 38. Re3 Ng4 39. Rd3 Kf6 40. h3 Ne5 41. Rxd5 Rc3 42. Nxg7 Rxa3 43. g4 Ra2+ 44. Ke3 Nc4+ 45. Kd4 Nb6 46. Nh5+ Kf7 47. Ra5 Rb2 48. Rxa7 Rxb4+ 49. Kc5 1-0

[Event "Mittelfranken-chT 0405"]
[Site "Germany"]
[Date "2004.11.07"]
[Round "2.4"]
[White "Schoemig, Anton"]
[Black "Ziegler, Ronald"]
[Result "1/2-1/2"]
[WhiteElo "1867"]
[BlackElo "1854"]
[PlyCount "52"]
[EventDate "2004.10.17"]
[EventType "team"]
[EventRounds "9"]
[EventCountry "GER"]
[SourceTitle "EXT 2007"]
[Source "ChessBase"]
[SourceDate "2006.11.23"]
[SourceVersion "1"]
[SourceVersionDate "2006.11.23"]
[SourceQuality "1"]

1. e4 d5 2. exd5 Nf6 3. Nc3 Nxd5 4. Nxd5 Qxd5 5. Nf3 Bg4 6. Be2 e6 7. h3 Bh5 8. 0-0 Be7 9. d4 0-0 10. c3 Nd7 11. Be3 Rfd8 12. Qc2 Bg6 13. Qb3 Qxb3 14. axb3 c5 15. dxc5 Bxc5 16. Bxc5 Nxc5 17. b4 Nb3 18. Ra3 Nd2 19. Rd1 Nxf3+ 20. Bxf3 Rxd1+ 21. Bxd1 Be4 22. f3 Bd3 23. Kf2 a6 24. Be2 Rd8 25. Bxd3 Rxd3 26. Ke2 Rd6 1/2-1/2